| 000 | 00900nam a22002177a 4500 | ||
|---|---|---|---|
| 999 |
_c8123 _d8123 |
||
| 003 | AR-CdUCM | ||
| 008 | 190322b ||||| |||| 00| 0 spa d | ||
| 020 | _a968-16-3093-9 | ||
| 040 |
_aMUNICIPALIDAD PROVINCIAL DEL CUSCO _cBIBLIOTECA MUNICIPAL DEL CUSCO |
||
| 082 |
_a510.244 / _bK62 |
||
| 100 |
_aKline, Morris _922935 |
||
| 245 | _aMatemáticas para los Estudiantes de Humanidades / | ||
| 260 |
_aMéxico : _bFondo de Cultura Económica ; _c1998. |
||
| 300 |
_a575 páginas ; _bIlustraciones, fotografías, fórmulas, diagramas _c23cm |
||
| 440 |
_aObras de Ciencia y Tecnología _922936 |
||
| 505 | _aContenido: La lógica y las matemáticas -- El número -- Álgebra -- Cartografía de la tierra y del cielo -- El orden matemático de la naturaleza... | ||
| 650 |
_aMatemáticas _99398 |
||
| 710 |
_aConsejo Nacional de Ciencia y Tecnología _9406 |
||
| 942 |
_2ddc _cLIBROS |
||
| 945 | _anom | ||